00875nam a22002177a 4500999001700000003000900017008004100026040007100067082002400138100002500162245006100187260003800248300002800286505013300314650002600447650003000473650002600503942001600529945000800545952010400553 c11199d11199AR-CdUCM190403b ||||| |||| 00| 0 spa d aMUNICIPALIDAD PROVINCIAL DEL CUSCOcBIBLIOTECA MUNICIPAL DEL CUSCO a375.3 /bT78 / 1948 aTramontin, José A. aAsistencia al escolar :baspectos médicos - sociales / aBuenos Aires :bEl ateneo,c1948. a170 páginas ;c23 cm. aContenido: La salud infantil -- La higiene en la historia -- Higiene social e higiene escolar -- La labor del medico escolar ... aSalud infantil928437 aEducación escolar99399 aMedico escolar928438 2ddccLIBROS aacv 002ddc4070aSCAbSCAcCARTd2019-04-03g30.00o375.3 / T78 / 1948pSCA0001306r2019-04-03yLIBROS